| 000 | 00570nam a2200181Ia 4500 | ||
|---|---|---|---|
| 003 | GCL | ||
| 008 | 140319s9999 xx 000 0 ara d | ||
| 040 |
_aGCL / _cGCL |
||
| 082 | 0 | 4 |
_a770.92 _bن م |
| 100 | 1 | _aنجمان ياسين | |
| 245 | 1 | 0 |
_aمراد الداغستانى: جدل الفنان والطبيعية / _cنجمان ياسين |
| 300 | _a123 ص | ||
| 490 |
_aكتب ثقافية _v0 |
||
| 650 | 0 | 4 | _aالتصوير الفوتوغرافى |
| 650 | 0 | 4 | _aالمصورون العراقيون |
| 650 | 0 | 4 | _aمراد الداغستانى |
| 942 |
_2ddc _cBK |
||
| 999 |
_c48484 _d48484 |
||